000 01293cam a22003617a 4500
003 CHAP
005 20220329142314.0
008 000605d1999 mx r 00110 spa d
010 _a81356
011 _a82328
035 _a92819
040 _cCHAP
090 _aTesis
100 0 0 _aHerrera Flores, Teresa Susana.
_954870
245 1 0 _aRendimiento de tres tipos de cruzas entre genotipos silvestres y cultivados de frijol (Phaseolus vulgaris L.)
_c/por Teresa Susana Herrera Flores
260 _aChapingo, Méx. :
_bEl autor,
_c1999.
300 _a62 h. :
_bgráfs. ; cuadros
502 _aTesis (Ing. Agr. Esp. en Fitotecnia) -- UACH. Departamento de Fitotecnia
590 _aALEPH
_b10
_c20130110
_lUCH01
_h1435
590 _aBATCH-UPD
_b10
_c20130110
_lUCH01
_h0322
590 _aBATCH-UPD
_b10
_c20130410
_lUCH01
_h1556
590 _aBATCH-UPD
_b10
_c20130914
_lUCH01
_h1443
590 _aCONVERSION
_b10
_c20130109
_lUCH01
_h1345
650 1 4 _aFrijol
_xGermoplasma.
_943387
650 1 4 _aFrijol
_xHíbridos.
_943391
650 1 4 _aFrijol
_xRendimiento.
_943429
650 1 4 _aFrijol
_xVariedades.
_943446
901 _aBK
905 _aGuadalupe Pinto C.
942 _cFOLL
949 _bBC
_cTES
_d33724000782405
_eTS2
_fc.2
_h36457
_i92819
_si
949 _bBC
_cTES
_d928191
_eTS1
_h36456
_i92819
_sb
999 _c81356
_d81356